| 000 | 00432nam a22001577a 4500 | ||
|---|---|---|---|
| 005 | 20251106133306.0 | ||
| 008 | 251106b |||||||| |||| 00| 0 eng d | ||
| 020 | _a9788189557836 | ||
| 050 | _aTX354 WAL | ||
| 100 | _aWalls, W. | ||
| 245 |
_aNutrition and Diet Therapy _cW. Walls |
||
| 250 | _a1st ed. | ||
| 260 |
_aNew Delhi _bArise Publishers & Distributors _c2007 |
||
| 300 |
_av. 248p. _bill. _c22cm |
||
| 942 |
_2lcc _cBK _e1st ed. _n0 |
||
| 999 |
_c8128 _d8128 |
||